Meilleurs buteurs grands championnats 2022-2023 - Statistiques

Statistiques générales
  • Ce quiz a été pris 164 fois
  • Le résultat moyen est 35 sur 70
Statistiques - réponses
Equipe Buts Réponse % Correct
Manchester City 36 Erling Haaland
99%
Tottenham 30 Harry Kane
98%
Liverpool 19 Mohamed Salah
97%
Arsenal 14 Bukayo Saka
92%
PSG 29 Kylian Mbappe
91%
OL 27 Alexandre Lacazette
90%
PSG 16 Lionel Messi
90%
Manchester United 17 Marcus Rashford
90%
Real Madrid 19 Karim Benzema
88%
Atletico Madrid 15 Antoine Griezmann
86%
Milan 13 Olivier Giroud
86%
Barcelona 23 Robert Lewandowski
86%
Leipzig 16 Christopher Nkunku
85%
LOSC 24 Jonathan David
85%
Eintracht Frankfurt 15 Randal Kolo Muani
85%
Napoli 26 Victor Osimhen
84%
Inter 21 Lautaro Martinez
82%
Lens 21 Loïs Openda
81%
Monaco 19 Wissam Ben Yedder
81%
Milan 15 Rafael Leao
80%
Arsenal 15 Gabriel Martinelli
79%
Arsenal 15 Martin Odegaard
76%
Napoli 12 Khvicha Kvaratskhelia
74%
Borussia M'glabdach 13 Marcus Thuram
74%
Reims 21 Folarin Balogun
73%
Brentford 20 Ivan Toney
73%
Roma 12 Paulo Dybala
71%
Bayern München 14 Serge Gnabry
71%
Montpellier 19 Elye Wahi
68%
Salernitana 16 Boulaye Dia
63%
Bayern München 12 Jamal Musiala
63%
Werder Bremen 16 Niclas Füllkrug
60%
Atletico Madrid 13 Alvaro Morata
59%
Strasbourg 20 Habib Diallo
58%
Nice 18 Terem Moffi
58%
Benfica 19 Goncalo Ramos
57%
Aston Villa 15 Ollie Watkins
57%
Newcastle 18 Callum Wilson
55%
PSV 19 Xavi Simons
55%
Celta Vigo 12 Iago Aspas
52%
Espanyol 16 Joselu
51%
Sassuolo 12 Domenico Berardi
38%
Real Betis 15 Borja Iglesias
34%
Porto 22 Mehdi Taremi
33%
PSV 14 Luuk De Jong
26%
Hoffenheim 12 Andrej Kramaric
24%
Benfica 17 Joao Mario
24%
Mallorca 15 Vedat Muriqi
24%
Getafe 14 Enes ünal
21%
Freiburg 15 Vincenzo Grifo
21%
Girona 13 Valentin Castellanos
17%
Atalanta 13 Ademola Lookman
15%
Ajax 13 Brian Brobbey
15%
Borussia M'glabdach 12 Jonas Hofmann
15%
Sporting 15 Pedro Goncalves
15%
Spezia 13 M'Bala Nzola
13%
Braga 14 Ricardo Horta
13%
Ajax 12 Steven Bergwijn
10%
Braga 11 Simon Banza
9%
Sporting 10 Francisco Trincao
7%
Werder Bremen 12 Marvin Ducksch
7%
Feyenoord 15 Santiago Gimenez
7%
Gil Vicente 17 Fran Navarro
5%
FC Utrecht 19 Anastasios Douvikas
4%
FC Twente 13 Vaclav Cerny
2%
Braga 10 Iuri Medeiros
1%
SC Heerenveen 16 Sydney Van Hoojidonk
1%
Sparta Rotterdam 12 Tobias Lauritsen
1%
Sparta Rotterdam 12 Vito Van Crooij
1%
Boavista 13 Yusupha Njie
1%
Aucun quiz correspondant
Distribution des résultats
% des personnes avec chaque résultat
Percentile par nombre de réponses
Votre historique - résultats
Vous n’avez pas pris ce quiz